Statistics for Biggest towns of East Lothian

Click here to take the quiz!

General Stats

  • This quiz has been taken 39 times
  • The average score is 8 of 10

Answer Stats

PopulationTown/village% Correct
10,500Haddington
100%
20,710Musselburgh
100%
8,090North Berwick
96%
10,470Prestonpans
91%
10,400Dunbar
87%
11,980Tranent
87%
2,960Gullane
74%
2,370Longniddry
65%
5,290Cockenzie
57%
3,510Wallyford
57%

Score Distribution

Percentile by Number Answered

Percent of People with Each Score

Your Score History

You have not taken this quiz